000 00666nam a22001937a 4500
005 20251108172902.0
008 250721s1995 xx 000 0 ara d
082 1 4 _a216.916 /انص
100 1 _aالأنصاري، محمد جابر
245 1 0 _aالتأزم السياسي عند العرب وموقف الاسلام /
264 1 _aبيروت :
_bالمؤسسة العربية للدراسات والنشر،
_c1995.
300 _a200 ص
650 1 7 _aالفقة الإسلامي
650 1 7 _aالسياسة الدولية
650 1 7 _aالعلاقات الدولية
650 1 7 _aالظروف السياسية
942 _2ddc
_cBK
999 _c90912
_d90912